000 00884na a2200265 4500
001 24580
003 MIRAKIL
005 20190109120943.0
008 181212b tu 000 0
020 _a975703200x
041 _atur
082 _a956.101543092
_bA12s 1999
090 _a956.101543092 A12s 1999
100 _aAbdülhamit
_cSultan
_d1842-1918
245 _aSiyasi hatıratım
_cSultan Abdülhamit
250 _a6. bs.
260 _aİstanbul :
_bDergah yayınları
_c1999
300 _a175 s.
_c20 sm.
440 _aDergah yayınları
_v13
490 _aTarih Dizisi
_v1
600 _aAbdülhamid II
_cOsmanlı padişahı
_xSiyasi yaşamı
_y1842-1918
650 _aOsmanlı İmparatorluğu
_xTarih
_yII. Abdülhamit dönemi, 1876-1909
650 _aOsmanlı İmparatorluğu
_xTarih
_xYönetim ve politikalar
_yII. Abdülhamit dönemi, 1876-1909
942 _2ddc
_cBKS
999 _c12526
_d12526